Les Archives départementales ont 200 ans : trésor des collections audoises / par Jean Blanc ... [et al.] ; sous la direction de Philippe-Georges Richard trésor des collections audoises / par Jean Blanc ... [et al.] ; sous la direction de Philippe-Georges Richard
Descripción Física:
58 p. : il., col. ; 20 cm
Materias:
Arxius departamentals -- Aude (França)
MARC
| LEADER | 00000nam a2200000Ia 4500 | ||
|---|---|---|---|
| 001 | 10768 | ||
| 003 | BGR | ||
| 005 | 20260324175211.0 | ||
| 008 | 160829s1990 xx 000 0 cat d | ||
| 080 | |a A-1-332 | ||
| 245 | |a Les Archives départementales ont 200 ans : |b trésor des collections audoises / par Jean Blanc ... [et al.] ; sous la direction de Philippe-Georges Richard | ||
| 260 | |a Carcassonne : |b Association des Amis des Archives de l'Aude, |c 1990 | ||
| 300 | |a 58 p. : |b il., col. ; |c 20 cm | ||
| 650 | |a Arxius departamentals |x Aude (França) |9 19945 | ||
| 700 | |a Blanc, Jean |9 19946 | ||
| 700 | |a Richard, Philippe-Georges |9 19948 | ||
| 710 | 1 | |9 70359 |a Association des Amis des Archives de l'Aude | |
| 901 | |a Arxiu | ||
| 942 | |n 1 |2 udc |c MON | ||
| 952 | |0 0 |1 0 |4 0 |6 A1332 |7 1 |9 41382 |a Arxiu |b Arxiu |d 2016-12-01 |l 0 |o A-1-332 |p 10768 |r 2016-12-01 00:00:00 |w 2016-12-01 |y ARXIU | ||
| 999 | |c 43189 |d 43189 | ||